KOHA-Header-6

Between Hope and History Meeting America's Challenges (Record no. 10620)

000 -LEADER
fixed length control field 00305nam a2200109Ia 4500
100 ## - MAIN ENTRY--AUTHOR NAME
Personal name President Bill Clinton
245 #0 - TITLE STATEMENT
Title Between Hope and History Meeting America's Challenges
260 ## - PUBLICATION, DISTRIBUTION, ETC. (IMPRINT)
Place of publication New Delhi
Name of publisher Prentice Hall
Year of publication 1998
300 ## - PHYSICAL DESCRIPTION
Number of Pages 161
942 ## - ADDED ENTRY ELEMENTS (KOHA)
Koha item type Books

No items available.

Powered by Koha